00229nam a2200097Ia 4500008004100000100002000041245002500061250001200086260002500098300000800123191201s2011 xx 000 0 und d aSCHILDT,Herbert 0aComplete reference C a3rd Rep c2011bTMHaNEW DELHI a805